| 000 | 01323nam0a22003131 4500 | ||
|---|---|---|---|
| 001 | rc\2156680 | ||
| 005 | 20260406152108.0 | ||
| 035 | _a(NLR Aleph) 006704835 | ||
| 090 |
_a5281956 _c5281956 |
||
| 100 | _a20110829d1979 |||y0rusy50 ca | ||
| 101 | 0 | _arus | |
| 102 | _aRU | ||
| 105 | _ay z ||||| | ||
| 200 | 1 |
_aСоциалистический реализм в киргизской советской литературе _e[Материалы конф. _fРедкол.: А. Садыков, Е. Озмитель (отв. редакторы) и др.] |
|
| 210 |
_aФрунзе _cИлим _d1979 |
||
| 215 |
_a121 с. _d20 |
||
| 300 | _aВ надзаг.: АН КиргССР, Ин-т яз. и лит. | ||
| 606 |
_aСоциалистический реализм в литературе _jСборники _2psbo |
||
| 606 |
_aКиргизская советская литература _jСборники _2psbo |
||
| 702 | 1 |
_aОзмитель _bЕ. _4340 |
|
| 702 | 1 |
_aСадыков _bА. _gАбдыкадыр _4340 |
|
| 712 | 0 | 2 |
_aИнститут языка и литературы _cФрунзе _3RU\NLR\AUTH\889927582 _9350789 |
| 801 | 0 |
_aRU _bNLR _gpsbo |
|
| 801 | 1 |
_aRU _bELAR _2rusmarc |
|
| 852 |
_aNLR _j79-3/9752 |
||
| 899 |
_aRuMoRGB _jБ 79-29/181 |
||
| 899 |
_aRuMoRGB _jБ 79-29/182 |
||
| 942 | _cBOOK | ||
| 980 | _aNB | ||